| 000 -LEADER |
| fixed length control field |
00385nam a2200157Ia 4500 |
| 008 - FIXED-LENGTH DATA ELEMENTS--GENERAL INFORMATION |
| fixed length control field |
180730s9999||||xx |||||||||||||| ||und|| |
| 020 ## - INTERNATIONAL STANDARD BOOK NUMBER |
| International Standard Book Number |
9788131252307 |
| 082 ## - DEWEY DECIMAL CLASSIFICATION NUMBER |
| Classification number |
343.071 |
| Item number |
WAD/T |
| 100 ## - MAIN ENTRY--PERSONAL NAME |
| Personal name |
Vadhwa, D. P. |
| 245 #4 - TITLE STATEMENT |
| Title |
The Law of Consumer Protection |
| 250 ## - EDITION STATEMENT |
| Edition statement |
3rd |
| 260 ## - PUBLICATION, DISTRIBUTION, ETC. |
| Place of publication, distribution, etc. |
Gurgaon |
| Name of publisher, distributor, etc. |
Eastern Book Co. |
| Date of publication, distribution, etc. |
2017 |
| 300 ## - PHYSICAL DESCRIPTION |
| Extent |
3125 |
| 700 ## - ADDED ENTRY--PERSONAL NAME |
| Personal name |
& Rajesh, N. L. |
| 942 ## - ADDED ENTRY ELEMENTS (KOHA) |
| Koha item type |
Book |